000 00655nam a2200181 a 4500
001 000040582
005 20201002034230.0
008 130830s2012 sp 000 0 spa d
020 _a9788469521298
040 _aDO-SdBNP
_bspa
_cBNPHU
100 1 _aVázquez Serrano, Carmen
_966872
245 1 0 _aCaracterización de las personas con capacidades diferentes /
_cCarmen Vázquez Serrano, Francisca socorro López López, Camen Ríos Paredes.
260 _aMadrid :
_bGráficas Alhambra,
_c2012.
300 _a80 p. ;
_c22 cm.
504 _aBibliografía : p.79
700 1 _aLópez López, Francisca Socorro
_966873
700 1 _aRíos Paredes, Carmen
_966874
999 _c40072
_d40072